[Event "Titled Tuesday intern op 24th Oct Late"]
[Site "Chess.com INT"]
[Date "2023.10.24"]
[Round "1"]
[White "Gao, Raymond"]
[Black "Goltsev, Dmitry"]
[Result "0-1"]
[WhiteElo "2001"]
[BlackElo "2215"]
[PlyCount "32"]
[EventDate "2023.10.24"]
[EventType "swiss (blitz)"]
[EventRounds "11"]
[EventCountry "USA"]
[SourceTitle "Mega2024 Update 01"]
[Source "Chessbase"]
[SourceDate "2023.11.12"]
[SourceVersion "1"]
[SourceVersionDate "2023.11.12"]
[SourceQuality "1"]

1. e4 e6 2. d4 d5 3. Nc3 c5 4. exd5 exd5 5. Nf3 Nf6 6. Bb5+ Nc6 7. 0-0 Be7 8. dxc5 Bxc5 9. Re1+ Be6 10. Bg5 0-0 11. Ne2 Bxf2+ 12. Kxf2 Ne4+ 13. Kg1 Nxg5 14. Ned4 Nxf3+ 15. Nxf3 Qb6+ 16. Kh1 Qxb5 0-1

[Event "Titled Tuesday intern op 24th Oct Late"]
[Site "Chess.com INT"]
[Date "2023.10.24"]
[Round "4"]
[White "Gao, Raymond"]
[Black "Toncheva, Nadya"]
[Result "0-1"]
[WhiteElo "2001"]
[BlackElo "2253"]
[PlyCount "161"]
[EventDate "2023.10.24"]
[EventType "swiss (blitz)"]
[EventRounds "11"]
[EventCountry "USA"]
[SourceTitle "Mega2024 Update 01"]
[Source "Chessbase"]
[SourceDate "2023.11.12"]
[SourceVersion "1"]
[SourceVersionDate "2023.11.12"]
[SourceQuality "1"]

1. Nf3 c5 2. e4 Nc6 3. g3 e6 4. Bg2 Nf6 5. Qe2 Be7 6. 0-0 0-0 7. c3 e5 8. d3 h6 9. Be3 d6 10. Nbd2 Ng4 11. Nc4 Nxe3 12. Nxe3 Be6 13. Nd5 Qd7 14. Rfe1 f5 15. a3 Bxd5 16. exd5 Nd8 17. d4 cxd4 18. Nxd4 Bf6 19. Ne6 Nxe6 20. dxe6 Qxe6 21. Qb5 Kh8 22. Rad1 Rac8 23. Bd5 Qe7 24. Rd2 b6 25. a4 Rc5 26. Qb3 Qc7 27. c4 e4 28. Qa3 a5 29. b4 axb4 30. Qxb4 Ra5 31. Rb1 Rb8 32. Rb3 Qc5 33. Rd1 Bd4 34. Qxc5 Bxc5 35. Bc6 Ra7 36. Kg2 Rc8 37. Bb5 Rf8 38. Rd5 Re7 39. Rb2 f4 40. Ra2 e3 41. fxe3 f3+ 42. Kf1 Bxe3 43. Rd3 Bc5 44. Bc6 f2 45. Ra1 Re5 46. Bf3 Rfe8 47. Rdd1 Re3 48. Bh5 R8e5 49. Bg4 Rc3 50. Be2 Rc2 51. Bd3 Rc3 52. a5 Re1+ 53. Rxe1 fxe1Q+ 54. Kxe1 Rxd3 55. a6 Re3+ 56. Kd2 Re8 57. a7 Ra8 58. Kd3 b5 59. cxb5 Rxa7 60. Rxa7 Bxa7 61. Kc4 Bc5 62. Kd5 Kg8 63. b6 Bxb6 64. Kxd6 Bg1 65. h3 Bh2 66. Ke6 Bxg3 67. Kf5 g5 68. Kg6 Bh4 69. Kxh6 Kf7 70. Kh5 Kf6 71. Kg4 Kg6 72. Kf3 Kf5 73. Kg2 Kf4 74. Kh1 Kg3 75. Kg1 Kxh3 76. Kh1 g4 77. Kg1 Bg5 78. Kf2 g3+ 79. Kg1 Be3+ 80. Kf1 g2+ 81. Ke2 0-1

[Event "Titled Tuesday intern op 12th Sep Late"]
[Site "Chess.com INT"]
[Date "2023.09.12"]
[Round "4"]
[White "Gao, Raymond"]
[Black "Herman, Matthew J"]
[Result "1/2-1/2"]
[WhiteElo "2001"]
[BlackElo "2383"]
[PlyCount "115"]
[EventDate "2023.09.12"]
[EventType "swiss (blitz)"]
[EventRounds "11"]
[EventCountry "USA"]
[SourceTitle "EXT 2024"]
[Source "ChessBase"]
[SourceDate "2023.10.10"]
[SourceVersion "1"]
[SourceVersionDate "2023.10.10"]
[SourceQuality "1"]

1. Nf3 Nf6 2. d4 g6 3. c4 Bg7 4. Nc3 0-0 5. e4 d6 6. Be2 Nbd7 7. Be3 e5 8. 0-0 Ng4 9. Bg5 f6 10. Bh4 Nh6 11. Rc1 Nf7 12. d5 Bh6 13. Rc2 a5 14. b3 Nc5 15. Rb2 Ng5 16. Nxg5 Bxg5 17. Bxg5 fxg5 18. a3 h5 19. b4 axb4 20. axb4 Nd7 21. Nb5 b6 22. Qc2 Rf7 23. Ra2 Rxa2 24. Qxa2 Nf6 25. f3 Bd7 26. Qa7 Bxb5 27. cxb5 c5 28. Qa4 Rc7 29. bxc5 Rxc5 30. Ra1 Nd7 31. Qa8 Rc8 32. Qa7 Nc5 33. Qa3 Qc7 34. Qe3 Qe7 35. Ra2 Kg7 36. h3 Kf6 37. Qf2 Rc7 38. Qf1 Ra7 39. Qa1 Rxa2 40. Qxa2 Qc7 41. Qa8 Nd7 42. Qh8+ Kf7 43. Qh7+ Kf6 44. Qh8+ Kf7 45. Qh7+ Kf8 46. Qxg6 Qc1+ 47. Bf1 Qe3+ 48. Kh1 Ke7 49. Qh7+ Kd8 50. Qxh5 Kc7 51. Qf7 Qf2 52. Bc4 Qe1+ 53. Kh2 Qc3 54. Bf1 Qc1 55. Kg1 Qe3+ 56. Kh1 Qe1 57. Kg1 Qe3+ 58. Kh1 1/2-1/2

[Event "Speed Chess Q2 Sw"]
[Site "Chess.com INT"]
[Date "2023.08.23"]
[Round "5"]
[White "Gao, Raymond"]
[Black "Ghosh, Chanchal Kumer"]
[Result "0-1"]
[WhiteElo "1938"]
[BlackElo "2050"]
[PlyCount "83"]
[EventDate "2023.08.23"]
[EventType "swiss (blitz)"]
[EventRounds "14"]
[EventCountry "USA"]
[SourceTitle "CBM 215 Extra"]
[Source "ChessBase"]
[SourceDate "2023.09.30"]
[SourceVersion "1"]
[SourceVersionDate "2023.09.30"]
[SourceQuality "1"]

1. e4 c5 2. Nf3 d6 3. d4 cxd4 4. Qxd4 Nf6 5. c4 Nc6 6. Qe3 e5 7. Be2 Be7 8. h3 0-0 9. Nc3 Be6 10. 0-0 Nd7 11. Rd1 f5 12. exf5 Rxf5 13. b3 Qe8 14. Ba3 Nc5 15. Ne4 Nxe4 16. Qxe4 Rf4 17. Qe3 Rd8 18. Rd2 Qg6 19. Kh2 Rdf8 20. Bxd6 Bxh3 21. gxh3 Bxd6 22. Rg1 Qf6 23. c5 Bb8 24. Bc4+ Kh8 25. Ng5 h6 26. Ne4 Qh4 27. Rg3 Nd4 28. Bd5 Nf3+ 29. Kg2 Nxd2 30. Nxd2 Rxf2+ 31. Qxf2 Rxf2+ 32. Kxf2 Qf4+ 33. Nf3 e4 34. Ke2 Qxg3 35. Bxe4 Bf4 36. Bxb7 Qg2+ 37. Kd3 Qf2 38. Ke4 Qe3+ 39. Kf5 Kh7 40. Be4 g6+ 41. Kg4 Qxe4 42. Nd2 0-1

[Event "Speed Chess Q2 Sw"]
[Site "Chess.com INT"]
[Date "2023.08.23"]
[Round "3"]
[White "Gao, Raymond"]
[Black "Sreyas, Payyappat"]
[Result "0-1"]
[WhiteElo "1938"]
[BlackElo "2075"]
[PlyCount "142"]
[EventDate "2023.08.23"]
[EventType "swiss (blitz)"]
[EventRounds "14"]
[EventCountry "USA"]
[SourceTitle "CBM 215 Extra"]
[Source "ChessBase"]
[SourceDate "2023.09.30"]
[SourceVersion "1"]
[SourceVersionDate "2023.09.30"]
[SourceQuality "1"]

1. e4 c6 2. Nf3 d5 3. exd5 cxd5 4. Ne5 Nc6 5. d4 Nf6 6. Bb5 Bd7 7. Nxd7 Qxd7 8. c3 g6 9. Nd2 Bg7 10. 0-0 0-0 11. Qe2 a6 12. Bd3 Rfe8 13. Nf3 Qc7 14. g3 e5 15. dxe5 Nxe5 16. Nxe5 Rxe5 17. Qf3 Re7 18. Bf4 Qb6 19. Rab1 Rae8 20. Kg2 Ne4 21. Rfe1 f5 22. Bc2 d4 23. Bb3+ Kh8 24. cxd4 Bxd4 25. Be3 Bxe3 26. Qxe3 Qc6 27. Rbc1 Nc5+ 28. Qf3 Qxf3+ 29. Kxf3 Rxe1 30. Rxc5 Rb1 31. Rc7 Rxb2 32. Rxb7 Ree2 33. Kf4 h6 34. f3 a5 35. Ra7 Rbd2 36. g4 Rd4+ 37. Kg3 f4+ 38. Kh3 Rdd2 39. g5 Rxh2+ 40. Kg4 Rdg2+ 41. Kxf4 Rxg5 42. Ra8+ Kg7 43. Ra7+ Kf8 44. Ra8+ Ke7 45. Ra7+ Kd6 46. Ra6+ Kc7 47. Ra7+ Kb6 48. Rh7 a4 49. Bg8 Rh4+ 50. Ke3 Rg2 51. Rg7 a3 52. Bf7 Kc5 53. Rxg6 Rxg6 54. Bxg6 Rh2 55. Bf7 Kb4 56. f4 Kc3 57. f5 Rh1 58. Ke4 Rf1 59. Ke5 Kb2 60. f6 Rh1 61. Bc4 Rh2 62. f7 Rf2 63. Kd6 h5 64. Be6 h4 65. Ke5 h3 66. Bf5 h2 67. f8Q h1Q 68. Qb8+ Ka1 69. Qd6 Qh2+ 70. Ke6 Qxd6+ 71. Kxd6 Rxf5 0-1

[Event "Speed Chess Q2 Sw"]
[Site "Chess.com INT"]
[Date "2023.08.23"]
[Round "6"]
[White "Osinovsky, Stepan"]
[Black "Gao, Raymond"]
[Result "0-1"]
[WhiteElo "2241"]
[BlackElo "1938"]
[PlyCount "76"]
[EventDate "2023.08.23"]
[EventType "swiss (blitz)"]
[EventRounds "14"]
[EventCountry "USA"]
[SourceTitle "CBM 215 Extra"]
[Source "ChessBase"]
[SourceDate "2023.09.30"]
[SourceVersion "1"]
[SourceVersionDate "2023.09.30"]
[SourceQuality "1"]

1. Nf3 Nf6 2. g3 e6 3. Bg2 d5 4. 0-0 Be7 5. d3 0-0 6. Nbd2 Nbd7 7. e4 c5 8. e5 Ne8 9. Re1 b5 10. h4 b4 11. h5 h6 12. Nf1 a5 13. Ne3 a4 14. Ng4 Rb8 15. Bxh6 gxh6 16. Qd2 Kh7 17. Qxh6+ Kg8 18. Ne3 Ng7 19. g4 Nxe5 20. Qf4 Nxf3+ 21. Qxf3 Bg5 22. Qg3 Ba6 23. f4 Bh4 24. Qh2 Bxe1 25. Rxe1 d4 26. Nc4 Bxc4 27. dxc4 d3 28. h6 dxc2 29. hxg7 Kxg7 30. f5 Qd4+ 31. Kf1 Qxc4+ 32. Kg1 Qd4+ 33. Kf1 Rh8 34. Qg3 Qc4+ 35. Kg1 c1Q 36. Qe5+ f6 37. Qc7+ Kh6 38. Qh2+ Kg5 0-1

[Event "Titled Tuesday intern op 22nd Aug Late"]
[Site "Chess.com INT"]
[Date "2023.08.22"]
[Round "8"]
[White "Filgueiras, Nathan Felipe"]
[Black "Gao, Raymond"]
[Result "1-0"]
[WhiteElo "2343"]
[BlackElo "1938"]
[PlyCount "107"]
[EventDate "2023.08.22"]
[EventType "swiss (blitz)"]
[EventRounds "11"]
[EventCountry "USA"]
[SourceTitle "EXT 2024"]
[Source "ChessBase"]
[SourceDate "2023.10.10"]
[SourceVersion "1"]
[SourceVersionDate "2023.10.10"]
[SourceQuality "1"]

1. e4 c5 2. Nf3 Nc6 3. d4 cxd4 4. Nxd4 g6 5. c4 Bg7 6. Be3 Qb6 7. Nb3 Qd8 8. Nc3 Bxc3+ 9. bxc3 Nf6 10. f3 d6 11. Qd2 Be6 12. c5 d5 13. e5 Nxe5 14. Nd4 Bd7 15. Bf4 Nc6 16. Nb5 0-0 17. Be2 Rc8 18. 0-0 a6 19. Nd4 Re8 20. Bg5 e5 21. Nc2 Be6 22. f4 e4 23. Nd4 Bf5 24. g4 Bd7 25. f5 Nxd4 26. Qxd4 Rc6 27. fxg6 Ree6 28. gxf7+ Kxf7 29. Rf4 Qg8 30. Bxf6 Rxf6 31. Raf1 Qg5 32. Rxf6+ Rxf6 33. Rxf6+ Qxf6 34. Qxd5+ Qe6 35. Bc4 Ke7 36. Qxe6+ Bxe6 37. Bxe6 Kxe6 38. Kf2 Kd5 39. Ke3 Kxc5 40. Kxe4 Kc4 41. h4 Kxc3 42. g5 b5 43. h5 Kb2 44. g6 hxg6 45. hxg6 Kxa2 46. g7 b4 47. g8Q+ Ka3 48. Kd3 a5 49. Kc4 a4 50. Qf8 Ka2 51. Qxb4 a3 52. Kc3 Ka1 53. Kc2 a2 54. Qb2# 1-0

[Event "Titled Tuesday intern op 15th Aug Late"]
[Site "Chess.com INT"]
[Date "2023.08.15"]
[Round "2"]
[White "Castella Garcia, Fausto"]
[Black "Gao, Raymond"]
[Result "1-0"]
[WhiteElo "2328"]
[BlackElo "1938"]
[PlyCount "85"]
[EventDate "2023.08.15"]
[EventType "swiss (blitz)"]
[EventRounds "11"]
[EventCountry "USA"]
[SourceTitle "EXT 2024"]
[Source "ChessBase"]
[SourceDate "2023.10.10"]
[SourceVersion "1"]
[SourceVersionDate "2023.10.10"]
[SourceQuality "1"]

1. e4 e6 2. Nf3 d5 3. e5 c5 4. b4 cxb4 5. d4 f6 6. a3 Nc6 7. axb4 Bxb4+ 8. c3 Be7 9. Bd3 b6 10. 0-0 a5 11. Na3 Ba6 12. Nb5 Qd7 13. Rb1 fxe5 14. Nxe5 Nxe5 15. dxe5 g6 16. Be3 Bc5 17. Bxc5 bxc5 18. Nd6+ Kf8 19. Bxa6 Rxa6 20. Rb8+ Kg7 21. Rb7 Rxd6 22. Rxd7+ Rxd7 23. Qa4 Re7 24. Qxa5 Nh6 25. Qxc5 Rd7 26. Ra1 Nf5 27. Ra7 Rhd8 28. Rxd7+ Rxd7 29. g4 Nh4 30. Qe3 h6 31. f4 Rf7 32. Qg3 g5 33. f5 exf5 34. gxf5 Nxf5 35. Qd3 Ne7 36. Kg2 Rf5 37. Qd4 Kf7 38. Kg3 Ke6 39. h4 Rxe5 40. Qb6+ Kf5 41. Qxh6 Re3+ 42. Kf2 Ke4 43. Qe6+ 1-0

[Event "Titled Tuesday intern op 08th Aug Late"]
[Site "Chess.com INT"]
[Date "2023.08.08"]
[Round "7"]
[White "Gao, Raymond"]
[Black "Fernandez, Gerardo"]
[Result "1-0"]
[WhiteElo "1938"]
[BlackElo "2181"]
[PlyCount "71"]
[EventDate "2023.08.08"]
[EventType "swiss (blitz)"]
[EventRounds "11"]
[EventCountry "USA"]
[SourceTitle "EXT 2024"]
[Source "ChessBase"]
[SourceDate "2023.10.10"]
[SourceVersion "1"]
[SourceVersionDate "2023.10.10"]
[SourceQuality "1"]

1. a3 d6 2. c4 e5 3. g3 f5 4. Bg2 Nf6 5. d4 e4 6. h4 g6 7. Nh3 Bg7 8. Nf4 0-0 9. Nc3 c6 10. 0-0 Na6 11. b4 Nc7 12. Qb3 b6 13. a4 Ne6 14. Nxe6 Bxe6 15. e3 Bf7 16. Ba3 Ng4 17. b5 c5 18. Bh3 cxd4 19. exd4 Bxd4 20. Bxg4 fxg4 21. Nxe4 Be5 22. Rad1 Rc8 23. Nxd6 Qf6 24. Nxc8 Rxc8 25. Rc1 Bd4 26. Qd3 Be6 27. Be7 Qg7 28. Bg5 Rf8 29. Qd2 Qe5 30. Bf4 Rxf4 31. Qxf4 Qxf4 32. gxf4 Bf5 33. Rfd1 Bc5 34. Rd8+ Kf7 35. Ra8 Ba3 36. Rxa7+ 1-0